| 000 | 00941nam0a22003011 4500 | ||
|---|---|---|---|
| 001 | v19\rc\1294693 | ||
| 005 | 20250618015326.0 | ||
| 035 | _a(NLR Aleph) 004441548 | ||
| 090 |
_a4409662 _c4409662 |
||
| 100 | _a20060306d1876 |||y0rusy50 ca | ||
| 101 | 0 | _arus | |
| 102 | _aRU | ||
| 105 | _aab z ||||| | ||
| 200 | 1 |
_aНачальный курс географии по американской методе Корнеля _eС англ., с изм. и доп. _fПредисл. Юл. С. |
|
| 205 | _a10-е изд. | ||
| 210 |
_aСанкт-Петербург _d1876 |
||
| 215 |
_a[2], IV, 96 с. _cил., карт. _d24 |
||
| 700 | 1 |
_aКорнель _bС. _gСара |
|
| 702 | 0 |
_aЮл. С. _4080 |
|
| 801 | 0 |
_aRU _bNLR _gpsbo |
|
| 801 | 0 |
_aRU _bRuMoRGB _2psbo |
|
| 801 | 1 |
_aRU _bProSoft-M _2rusmarc |
|
| 852 |
_aNLR _j18.102.2.8 |
||
| 899 |
_aRuMoRGB _jA 160/81 |
||
| 899 |
_aRuMoRGB _jS 2/662 |
||
| 899 | _aБАН | ||
| 942 | _cBOOK | ||
| 980 | _aNB | ||